The retail handbook : (Record no. 18010)
[ view plain ]
| 000 -LEADER | |
|---|---|
| fixed length control field | 00798nam a22002177a 4500 |
| 008 - FIXED-LENGTH DATA ELEMENTS--GENERAL INFORMATION | |
| fixed length control field | 140203t1981 xxkabd grd 001 0 eng d |
| 020 ## - INTERNATIONAL STANDARD BOOK NUMBER | |
| International Standard Book Number | 070845654 |
| 082 04 - DEWEY DECIMAL CLASSIFICATION NUMBER | |
| Edition number | 22 |
| Classification number | 658.87 |
| Item number | FOS |
| 100 1# - MAIN ENTRY--PERSONAL NAME | |
| 9 (RLIN) | 35023 |
| Personal name | Foster, Ann |
| 245 14 - TITLE STATEMENT | |
| Title | The retail handbook : |
| Remainder of title | a practical guide to running a successful small retail business / |
| Statement of responsibility, etc | Ann Foster and Bill Thomas. |
| 260 ## - PUBLICATION, DISTRIBUTION, ETC. (IMPRINT) | |
| Place of publication, distribution, etc | London : |
| Name of publisher, distributor, etc | McGraw-Hill Book Company (UK) Limited, |
| Date of publication, distribution, etc | c.1981. |
| 300 ## - PHYSICAL DESCRIPTION | |
| Extent | xii, 158 p. : |
| Other physical details | chart, maps, tables ; |
| Dimensions | 23 cm. |
| 500 ## - GENERAL NOTE | |
| General note | Glossary : p. 152-154. |
| 500 ## - GENERAL NOTE | |
| General note | Index : p. 155-158. |
| 650 #0 - SUBJECT ADDED ENTRY--TOPICAL TERM | |
| Topical term or geographic name as entry element | Retail trade |
| General subdivision | Management |
| 9 (RLIN) | 35026 |
| 650 #0 - SUBJECT ADDED ENTRY--TOPICAL TERM | |
| 9 (RLIN) | 35024 |
| Topical term or geographic name as entry element | Stores, Retail |
| General subdivision | Management |
| 653 ## - INDEX TERM--UNCONTROLLED | |
| Resource For college | BAEPS, Business Administration |
| Arrived date list | February2014 |
| 655 ## - INDEX TERM--GENRE/FORM | |
| Form subdivision | |
| -- | 34232 |
| 700 1# - ADDED ENTRY--PERSONAL NAME | |
| 9 (RLIN) | 35025 |
| Personal name | Thomas, Bill |
| Fuller form of name | (William H.) |
| 942 ## - ADDED ENTRY ELEMENTS (KOHA) | |
| Source of classification or shelving scheme | Dewey Decimal Classification |
| Call number prefix | 658.87 FOS |
| Withdrawn status | Item status | Source of classification or shelving scheme | Damaged status | Not for loan | Vendor | Home library | Current library | Shelving location | Date acquired | Source of acquisition | Total Checkouts | Full call number | Barcode | Date last seen | Koha item type |
|---|---|---|---|---|---|---|---|---|---|---|---|---|---|---|---|
| Dewey Decimal Classification | Donation-Gift | Central Library | Central Library | First floor | 03/02/2014 | Donation | 658.87 FOS | 000035564 | 15/07/2025 | Book - Borrowing |